000 00422nam a2200205Ia 4500
001 11975
003 GE_BSU
008 181216s||||||||xx |||||||||||||| ||und||
020 _a0330411977
040 _cGE_BSU
080 _a821.111-311.4
100 _aSansom,C.J.
245 _aDark fire
260 _aLondon
260 _bPan Books
260 _c2005.
300 _a581p;18cm.
653 _aDark fire
942 _cBK
999 _c45152
_d45152